| 000 | 00643nam a2200217 a 4500 | ||
|---|---|---|---|
| 999 |
_c4340 _d4340 |
||
| 001 | 4340 | ||
| 003 | BD-JhCC | ||
| 005 | 20171126164813.0 | ||
| 008 | 171126s2004 bg |||| ||a| 000 0 ben d | ||
| 035 | _a(BD-JhCC) 4340 | ||
| 040 |
_aBD-JhCC _dBD-JhCC |
||
| 041 | _aben | ||
| 082 |
_a370 _bKAM 2004 |
||
| 100 | _aকামাল, শেখ মাসুদ | ||
| 245 |
_aশিক্ষা প্রসঙ্গে / _c শেখ মাসুদ কামাল |
||
| 260 |
_a176 p .: _bবাংলা একাডেমী ঢাকা , _c2004 |
||
| 300 |
_a176 p .: _c22 cm . |
||
| 650 | _aEducation | ||
| 942 |
_2ddc _cBK |
||